000
00247nam a22001097a 4500
999
_c
260621
_d
260620
020
_a
0439343852
100
_a
Ben M. Baglio
245
_a
Animal Ark: Foals in the Field
260
_a
New York
_b
Scholastic
_c
1997
300
_a
133 pgs
942
_c
BK